| 000 | 01265nam0a2200313 4500 | ||
|---|---|---|---|
| 001 | RU\NLR\bibl\114188 | ||
| 005 | 20250617093603.0 | ||
| 010 |
_a5-901271-13-0 _91000 |
||
| 021 |
_aRU _b2000-25064 _91186 |
||
| 035 | _a(NLR Aleph) 000111795 | ||
| 090 |
_a634376 _c634376 |
||
| 100 | _a20001023d2000 |||y0rusy50 ca | ||
| 101 | 0 | _arus | |
| 102 | _aRU | ||
| 105 | _aa ||||||||| | ||
| 200 | 1 |
_aЦенологическое определение параметров электропотребления, надежности, монтажа и ремонта электрооборудования предприятий региона _fФуфаев В.В. |
|
| 210 |
_aМ. _cЦентр систем. исслед. _d2000 |
||
| 215 |
_a319 с. _cил. _d20 |
||
| 320 | _aБиблиогр.: с. 284-307 (365 назв.) | ||
| 320 | _aСписок авт. тр.: с. 308-315 ( 83 назв.) | ||
| 606 | 0 |
_aПредприятия _xЭлектропотребление _92182498 _3RU\NLR\auth\661312368 |
|
| 686 | _aУ40(2)546 | ||
| 700 | 1 |
_aФуфаев _bВ. В. _gВладимир Валентинович _4070 |
|
| 801 | 0 |
_aRU _bNLR _c20001023 _gPSBO |
|
| 801 | 1 |
_aRU _bNLR _c20001023 |
|
| 852 |
_aNLR _j2000-3/12285 |
||
| 942 | _cBOOK | ||
| 980 | _aNB | ||